000 00310nam a22001337a 4500
008 171027b xxu||||| |||| 00| 0 eng d
020 _a9780324180244
041 _aeng
080 _23 ED
_a336
100 _a56
101 _aFIN
245 _aPLANNING YOUR FINANCIAL FUTURE
_cBOONE.L.E
942 _2udc
_cBK
999 _c36225
_d36225